• 首页
  • 本馆介绍
  • 公告通知
  • 最新文献
  • 馆藏检索
  • 电子资源
  • 读者导购
  • 参考咨询
  • 我的图书馆
  • 登录
  • 详细信息显示
  • 放入我的书架
  • 预约/预借图书
  • 作者相关作品
  • 分类相关作品
  • 丛书相关作品
  • 出版社相关作品

书目信息

  • 表格格式
  • 工作单格式
  • 卡片格式
题名:
汤汤水水好养人
    
 
作者: 萨巴蒂娜 主编
分册:  
出版信息: 青岛   青岛出版社  2019
页数: 182页
开本: 25cm
丛书名:
单 册:
中图分类: TS972.122.2
科图分类:
主题词: 保健--汤菜--菜谱
电子资源:
ISBN: 978-7-5552-8398-0
000 00586nam0 2200205 450
001 2366186428
005 20230924182324.37
010    @a978-7-5552-8398-0@dCNY49.80
100    @a20200713d2019 em y0chiy50 ea
101 0  @achi
102    @aCN@b370000
105    @aa z 000yy
200 1  @a汤汤水水好养人@Atang tang shui shui hao yang ren@f萨巴蒂娜主编
210    @a青岛@c青岛出版社@d2019
215    @a182页@c图@d25cm
606 0  @a保健@x汤菜@x菜谱
690    @aTS972.122.2@v5
701  0 @a萨巴蒂娜@Asa ba di na@4主编
801  0 @aCN@b安徽时代@c20230923
905    @aBZT@dTS972.122.2@e2
    
    汤汤水水好养人/萨巴蒂娜主编.-青岛:青岛出版社,2019
    182页:图;25cm
    
    
    ISBN 978-7-5552-8398-0:CNY49.80
    
●
相关链接 在五车中查询图书 在当当中查询图书 在豆瓣中查询图书


正题名:汤汤水水好养人     索取号:TS972.122.2/2         预约/预借

序号 登录号 条形码 馆藏地/架位号 状态 备注
1 2000927147   2000927147   第四书库/四28架A面4层3列/ [索取号:TS972.122.2/2] 在馆    
2 2000927148   2000927148   第四书库/四28架A面4层3列/ [索取号:TS972.122.2/2] 在馆    
3 2000927149   2000927149   第四书库/四28架A面4层3列/ [索取号:TS972.122.2/2] 在馆    
4 2000927150   2000927150   第四书库/四28架A面4层3列/ [索取号:TS972.122.2/2] 在馆    
5 2000927151   2000927151   第四书库/四28架A面4层3列/ [索取号:TS972.122.2/2] 在馆    
6 2000927152   2000927152   第四书库/四28架A面4层3列/ [索取号:TS972.122.2/2] 在馆    
山东省滨州职业学院图书馆 欢迎您!
大连网信软件有限公司© 版权所有